00593nam a2200193Ia 4500003000400000005001700004008004100021040000700062041000800069082001600077100003000093245003000123260004800153300000900201650002700210942001300237999001900250952013000269OSt20260401114148.0250729s2011 xx 000 0 und d cAL aeng a372.25 KARS aGovt of Karnataka9230791 aSocial science - 10th Std aBangalorebKarnataka Text Book Socityc2011 a269p aSocial Science9230792 2ddccBED c238958d238958 00104070aALbALd2025-07-29eManagement Booksg37.00l0o372.25 KARSpBED04277r2025-07-29 16:57:08v37.00w2025-07-29yBK